000 00692nam a22002417a 4500
005 20170124105950.0
010 _aA-904160
020 _c00.00
035 _aA-904160
037 _bCen Lib/Ret
040 _aDPL
_bEN
082 _a331.544
_bBOS
100 _aBose, J.K
_913313
245 _aHandbook on contingent paid casual labour and substitute in postal establishment /
_cby J.K. Bose
260 _aCalcutta
_bThe world press
_c1995
270 _a37,A, College street
_bCalcutta
300 _a121p.
_c20cm(Hb)
650 _aEconomics
_913314
650 _a Labour Economics
_92771
700 _913299
700 _913300
942 _2ddc
_cEN
_h331.544
_mBOS
999 _c125186
_d125186